Az orvosi szolgáltatásokra alapuló egészségturizmus szerepe Magyarországon

Bibliographic Details
Main Author: Hegymegi Viktória
Other Authors: Nagy Dr. Adrienne
Format: Thesis
Kulcsszavak:egészségturizmus
orvosi szolgáltatások
gyógyturizmus
Fogászati turizmus
Plasztikai sebészet
Online Access:http://dolgozattar.uni-bge.hu/5077

MARC

LEADER 00000nta a2200000 i 4500
001 dolg5077
005 20161124144541.0
008 160502suuuu hu om 000 hun d
040 |a BGE Dolgozattár Repozitórium  |b hun 
041 |a hu 
100 1 |a Hegymegi Viktória 
245 1 3 |a Az orvosi szolgáltatásokra alapuló egészségturizmus szerepe Magyarországon  |c Hegymegi Viktória  |h [elektronikus dokumentum] 
695 |a egészségturizmus 
695 |a orvosi szolgáltatások 
695 |a gyógyturizmus 
695 |a Fogászati turizmus 
695 |a Plasztikai sebészet  
700 1 |a Nagy Dr. Adrienne  |e ths 
856 4 0 |u http://dolgozattar.uni-bge.hu/5077/1/Szakdolgozat_Hegymegi_Vikt%C3%B3ria.pdf  |z Dokumentum-elérés